000 00318nam a22001337a 4500
008 251215b |||||||| |||| 00| 0 eng d
040 _aRCL
082 _a791.4
_bJ65I
100 _aJill,Nelmes
_930126
245 _aAn Introduction to Film Studies
260 _bRoutledge Pub.;
_c2006
300 _a500p.
942 _cBK
999 _c47604
_d47604